000 00338 a2200109 4500
001 ART_12553
005 20260410161907.0
008 260409a
245 1 0 _aCapital Accumulation in the Open Two-Sector Economy
100 1 _aSmith, M. A. M.
773 0 _tThe Economic Journal
_g- Vol. 87, NÂș 346 (jun. 1977)
_wREV12512
999 _c26448
_d26448